01085nam a2200193Ia 4500001001100000003001000011008004100021040002500062041001300087100003100100245002700131250001100158260008600169300001200255500023800267501011400505520023800619650003400857L251-17581IT-CnALBA170116s9999||||xx |||||||||||||| ||und|| aIT-CnALBAcIT-CnALBA aITALIANO aROSCHINI P. GABRIELE, OSM. 0aPREDICATE IL VANGELO.  a1a ed. aTORINObLICE. ROBERTO BERRUTI & C.c1943 [1° Ed.:1943 - Ed.Ling.Originale: 1943] a205 p.  aDONO DI D. MAGNANI SSP. AVVENTO NATALE EPIFANIA. DOMENICHE PRIMA DELLA QUARESIMA. QUARESIMA. EPIFANIA E DOMENICHE DOPO EPIFANIA. PASQUA PENTECOSTE. DOMENICHE DOPO PENTECOSTE. S. GIUSEPPE. ASCENSIONE. ASSUNZIONE CRISTO RE OGNISSANTI.  aSocietà San Paolo EM - Piazza San Paolo, 14 - 12051 ALBA (CN) (non commercial uses only) ® Copyright 2017 aDONO DI D. MAGNANI SSP. AVVENTO NATALE EPIFANIA. DOMENICHE PRIMA DELLA QUARESIMA. QUARESIMA. EPIFANIA E DOMENICHE DOPO EPIFANIA. PASQUA PENTECOSTE. DOMENICHE DOPO PENTECOSTE. S. GIUSEPPE. ASCENSIONE. ASSUNZIONE CRISTO RE OGNISSANTI.  aPREDICAZIONE - ORATORIA SACRA